| 000 | 00800nam a2200253 a 4500 | ||
|---|---|---|---|
| 999 |
_c612 _d612 |
||
| 001 | 16005 | ||
| 003 | BD-DhUAP | ||
| 005 | 20200125163321.0 | ||
| 008 | 200125s2011 bg a b 000 0 eng | ||
| 020 | _a9789893321923 | ||
| 040 |
_aBD-DhAAL _cBD-DhAAL _dBD-DhUAP |
||
| 082 | 0 | 0 |
_a306.095492 KHA _223 |
| 100 | 1 | _aKhan, Shamsul kabir. | |
| 245 | 1 | 0 |
_aBangladesh studies / _cShamsul kabir Khan and Daulatunnaher khanam. |
| 260 |
_aDhaka : _bChaity chayon prokashoni, _cc2011. |
||
| 300 |
_a564 pages : _billustrations ; _c22 cm. |
||
| 504 | _aIncludes bibliographical references. | ||
| 651 | 0 |
_aBangladesh _xSocial condition |
|
| 651 | 0 |
_aBangladesh _xEconomic condition |
|
| 700 | 1 | _akhanam, Daulatunnaher. | |
| 942 |
_2ddc _cBK |
||